000 00617nam a2200253 a 4500
003 AR-BaBNM
005 20251128210628.0
008 082120s2002 ||||||||||||||000 | spa||
020 _a950-511-614-4
040 _cAR-BaBNM
100 1 _aYen Mah, Adeline
245 0 0 _aLas hojas que caen
250 _a1ª ed.
260 _aBuenos Aires
_bAlfaguara
_c2000
300 _a388 p.
_bil.
650 4 _aLITERATURA CHINA
650 4 _aPOESIA
650 4 _aESCRITORES
653 _aNOVELA AUTOBIOGRAFICA
655 _aLITERATURA
700 1 _aLópez Vergara, Omar
_etraductor
942 _cBK
998 _cMARTIN
999 _c16245
_d16245